Digital electronics / (Record no. 103765)

MARC details
000 -LEADER
fixed length control field 00558nam a22001937a 4500
005 - DATE AND TIME OF LATEST TRANSACTION
control field 20230112143339.0
010 ## - LCCN (DPL NO)
LC control number ENG-116149 ENG-135791
020 ## - INTERNATIONAL STANDARD BOOK NUMBER
Terms of availability 395..00
International Standard Book Number 9789325990333
035 ## - SYSTEM CONTROL NUMBER
System control number EN-99681
035 ## - SYSTEM CONTROL NUMBER
System control number EN-119503
037 ## - SOURCE OF ACQUISITION
Source of stock number/acquisition DBAD/PUB
082 ## - DEWEY DECIMAL CLASSIFICATION NUMBER
Classification number 621.381
100 ## - MAIN ENTRY--PERSONAL NAME
Personal name Satish K. Karna
245 ## - TITLE STATEMENT
Title Digital electronics /
Statement of responsibility, etc by Satish K. Karna
260 ## - PUBLICATION, DISTRIBUTION, ETC. (IMPRINT)
Place of publication, distribution, etc New Delhi
Name of publisher, distributor, etc S.Chand & Company
Date of publication, distribution, etc 2016
270 ## - ADDRESS
Address 7361,Ram Nagar,
City New delhi
Postal code 110055
300 ## - PHYSICAL DESCRIPTION
Extent Various Pagings
Dimensions 24cm(Hb)
942 ## - ADDED ENTRY ELEMENTS (KOHA)
Source of classification or shelving scheme Dewey Decimal Classification
Item type English Books
Classification part 621.381
Call number suffix SAT
Holdings
Withdrawn status Lost status Not for loan Collection code Home library Current library Date acquired Source of acquisition Cost, normal purchase price Full call number Barcode Copy number Cost, replacement price Koha item type
    Not For Loan Non-fiction D.B.Act.Division Bawana 29/09/2016 DBAD/PUB 395.00 621.381 SAT EN-99681 1 395.00 English Books
      Non-fiction Kadipur Kadipur 12/01/2023 DBAD/PUB 395.00 621.381 SAT EN-119503 1 395.00 English Books

© Delhi Public Library
Hit Counter
free hit counter